| 000 | 00000nam 2200000zi 4500 |
| 001 | 9.930913 |
| 003 | CaOODSP |
| 005 | 20240214152141 |
| 006 | m o d f |
| 007 | cr cn||||||||| |
| 008 | 231127s2023 onc o f000 0 eng d |
| 020 | |a9780660690582 |
| 040 | |aCaOODSP|beng|erda|cCaOODSP |
| 043 | |an-cn-on |
| 086 | 1 |aCC172-253/2023E-PDF |
| 245 | 00|aDarlington New Nuclear Project : |bDNNP workshop summary report. |
| 264 | 1|a[Ottawa, ON] : |b[Canadian Nuclear Safety Commission], |c[2023] |
| 300 | |a1 online resource (122 pages) |
| 336 | |atext|btxt|2rdacontent |
| 337 | |acomputer|bc|2rdamedia |
| 338 | |aonline resource|bcr|2rdacarrier |
| 500 | |aIssued also in French under title: Projet de nouvelle centrale nucléaire de Darlington : rapport sommaire de l'atelier sur le Projet de nouvelle centrale nucléaire de Darlington (PNCND). |
| 500 | |aCaption title. |
| 520 | |a"On April 4th, 2023 the CNSC hosted a workshop with members of the public, Indigenous Nations and communities, civil society and environmental non-governmental organizations to discuss two key documents submitted as part of Ontario Power Generation’s (OPG) Darlington New Nuclear Project (DNNP) Licence to Construct application: 1) the Updated Plant Parameter Envelope Report, and; 2) the Environmental Impact Statement Review Report. These documents were submitted by OPG to the CNSC to demonstrate that the selected technology, the GE-Hitachi BWRX-300, remains within the bounds of the previously approved 2012 environmental assessment. The workshop was an opportunity to discuss comments received on these documents"--page 3. |
| 650 | 0|aNuclear power plants|xEnvironmental aspects|zOntario. |
| 650 | 0|aEnvironmental impact analysis|zOntario. |
| 710 | 2 |aCanadian Nuclear Safety Commission, |eissuing body. |
| 775 | 08|tProjet de nouvelle centrale nucléaire de Darlington : |w(CaOODSP)9.930914 |
| 856 | 40|qPDF|s517 KB|uhttps://publications.gc.ca/collections/collection_2024/ccsn-cnsc/CC172-253-2023-eng.pdf |
| 856 | 4 |qHTML|sN/A|uhttps://www.cnsc-ccsn.gc.ca/eng/resources/status-of-new-nuclear-projects/darlington/workshop-report-2023/ |